Adivinhe a música da Taylor Swift sem dicas #17 - Statistics

Estatísticas Gerais
  • Esse quiz foi jogado 123 vezes
  • A pontuação média é 312 de 483
Estatísticas das Respostas
Resposta % Correto
me,
99%
me
99%
a
98%
I
98%
(I)
98%
you
96%
you,
96%
(you)
96%
(you
96%
love
93%
the
89%
The
89%
my
85%
My
85%
be
84%
your
79%
(your
79%
on
78%
is
76%
to
76%
(to)
76%
for
75%
For
75%
in
75%
it
75%
so
73%
of
71%
Don't
69%
mine
69%
no)
69%
and
68%
And
68%
this
68%
time,
67%
time
67%
time"
67%
was
66%
baby
65%
baby)
65%
baby,
65%
I'm
64%
life
64%
life,
64%
If
61%
if
61%
(if)
61%
I'll
60%
(I'll
60%
Just
60%
just
60%
(just)
60%
say,
60%
blame
58%
made
58%
rest
58%
right
58%
right,
58%
right)
58%
too
58%
crazy
56%
Oh,
56%
oh)
56%
oh
56%
Oh
56%
(oh)
56%
They
56%
save
55%
long
54%
but
53%
drug
53%
I've
53%
Lord,
53%
you're,
53%
you're
53%
You're
53%
been
52%
doesn't,
52%
doesn't
52%
usin'
49%
Usin'
49%
usin')
49%
would
49%
(would)
49%
ain't
48%
gone
46%
with
46%
doin'
45%
(doin'
45%
mind
45%
name
45%
Every
42%
every
42%
lose
41%
now
41%
lovin'
40%
far
39%
get
39%
call
38%
stay
38%
them
38%
touch
38%
whatever
38%
gonna
36%
"She's
36%
breakin'
35%
decide
35%
first
35%
Something
35%
hearts
34%
knees
34%
use
34%
away
33%
daisy
32%
face
32%
I'd
32%
beg
31%
cross
31%
from
31%
guys
31%
high,
31%
line
31%
poison
31%
waste
31%
once
29%
walk
29%
happened
28%
inside
28%
Echoes
27%
(Echoes)
27%
Halo,
27%
older
27%
fall
26%
ivy,
26%
need
26%
touchin'
26%
Toyin'
26%
(yeah,
26%
grace
25%
insane,
24%
little
24%
Shakin',
24%
obsession
21%
paradise,
21%
darkest
20%
hiding
20%
Trip
20%
playthings
19%
pacin',
16%
Nenhum quiz correspondente encontrado
Distribuição das Pontuações
Porcentagem de Pessoas com Cada Pontuação
Percentil de Números Respondidos
Sua Pontuação Histórica
Você não jogou esse quiz